|
|
|
|
| LEADER |
01110nam a2200253 a 4500 |
| 001 |
14284754 |
| 008 |
090512s2005 bg ab b 101 0 eng d |
| 010 |
|
|
|a \\2006345359
|
| 020 |
|
|
|a 9840517325
|
| 040 |
|
|
|a DLC
|c DLC
|
| 082 |
0 |
4 |
|a 333.79235492
|
| 111 |
2 |
|
|a International Workshop on "Dissemination of Solar Photovoltaic Energy"
|d (1999 :
|c Dhaka, Bangladesh)
|
| 245 |
1 |
0 |
|a Solar photovoltaic systems in Bangladesh :
|b experiences and opportunities /
|c edited by M. Eusuf.
|
| 260 |
|
|
|a Dhaka :
|b The University Press,
|c 2005.
|
| 300 |
|
|
|a xxii, 219 p. :
|b ill., maps ;
|c 24 cm.
|
| 500 |
|
|
|a "Bangladesh Centre for Advanced Studies."
|
| 504 |
|
|
|a Includes bibliographical references and index.
|
| 541 |
1 |
|
|e 00014057
|
| 650 |
|
0 |
|a Photovoltaic power systems
|z Bangladesh
|v Congresses.
|
| 700 |
1 |
|
|a Eusuf, M.
|
| 710 |
2 |
|
|a Bangladesh Centre for Advanced Studies.
|
| 852 |
4 |
|
|a Ayesha Abed Library
|j Generalshelf
|
| 999 |
|
|
|c 600
|d 600
|
| 952 |
|
|
|0 0
|1 0
|2 ddc
|4 0
|6 333_792354920000000_SOL
|7 0
|9 549
|a BRACUL
|b BRACUL
|c GEN
|d 2009-05-12
|g 650.00
|l 5
|m 45
|o 333.79235492 SOL
|p 3010014057
|r 2025-01-08
|s 2023-04-27
|t 1
|v 1300.00
|w 2009-05-12
|y BK
|